000 00796nam a2200265 a 4500
001 000081165
005 20200120224442.0
008 161111s2013 ck ||||gr|||| 001 ||spa d
020 _a9789504930006
041 0 _a*-spa
043 _as-ck---
090 _aAC
_bFONRn
100 1 _aFontanarrosa, Roberto
245 1 0 _aNo sé si he sido claro y otros cuentos /
_cRoberto Fontanarrosa.
250 _a1a. ed
260 _aBogotá :
_bPlaneta,
_c2013.
300 _a258 páginas.
490 0 _aBiblioteca Fontanarrosa
500 _aIncluye datos biográficos del autor
650 1 7 _aVida cotidiana en la literatura
_2LEMB
650 2 7 _aHumor en la literatura
_2LEMB
650 2 7 _aFantasía en la literatura
_2LEMB
650 2 7 _aCuentos argentinos
_2LEMB
650 2 7 _aLiteratura adulto
_2LEMB
999 _c9578
_d9578